[Event "5th Cairns Cup 2025"]
[Site "Saint Louis USA"]
[Date "2025.06.16"]
[Round "6.1"]
[White "Tan, Zhongyi"]
[Black "Yip, Carissa"]
[Result "0-1"]
[Annotator "Tactical Analysis 7.0"]
[WhiteElo "2546"]
[BlackElo "2431"]
[PlyCount "86"]
[GameId "2189730287783396"]
[EventDate "2025.06.10"]

1. d4 Nf6 2. Nc3 d5 3. Bf4 a6 4. e3 g6 5. Be2 Bg7 {[%cal Oc7c5]} 6. h4 {D00: 1 d4 d5: Unusual lines.} h5 {[%cal Oc7c5]} 7. Nf3 c5 8. dxc5 $16 {White is better.} Qa5 9. Nd2 $146 (9. O-O $16) ({Predecessor:} 9. Be5 Nc6 10. Bd4 Bg4 11. Ne5 Bxe2 12. Qxe2 Nxe5 13. Bxe5 Qxc5 14. O-O O-O 15. Rad1 {0-1 Munkhgal,G (2501)-Ghaem Maghami,E (2561) Online Olym Div Top-A Chess.com INT rapid 2020 (9.2)}) 9... Qxc5 $11 10. Nb3 Qb6 11. O-O e6 (11... Bg4 $5) 12. a4 {[%cal Ba2a4,Ba4a5][%mdl 32]} Nc6 13. a5 Qd8 14. Na4 Nd7 15. Qd2 Qxh4 16. Rfd1 (16. e4 $1 $14) 16... O-O {[#]} 17. e4 d4 $1 $15 18. c3 e5 19. Bg3 Qe7 20. cxd4 exd4 {[%cal Oh5h4]} (20... Nxd4 21. Nxd4 exd4 22. f3 $11) 21. Bc4 ({Better is} 21. Rac1 $1 $15) 21... h4 $19 (21... Qxe4 22. Rac1 $17) 22. Bh2 Qxe4 23. Re1 Qf5 24. Bd3 Qd5 25. Ra3 {[#]} h3 $1 {[%csl Gh3][%cal Rd5g2]} 26. Be4 (26. Bf1 hxg2) 26... Qh5 27. Bf3 Qh8 28. Bd6 {[#]} (28. Bxc6 $17 bxc6 29. gxh3 Qxh3 30. Qd1) 28... Nde5 $1 29. Bxf8 (29. Nb6 Nxf3+) 29... Bxf8 (29... Kxf8 30. Nbc5 $11) 30. Nbc5 hxg2 31. Bxg2 Bg4 $2 $40 {[%mdl 128] Black attacks with force.} (31... Ng4 32. Rh3 Qg7 33. Nb6 $14) (31... Nc4 32. Qg5 Nxa3 (32... N6xa5 $2 33. Rg3 $18) 33. Nb6 $17) (31... Bf5 $19 {is more deadly.} 32. Rg3 Re8 (32... Ng4 33. Rh3 $17)) 32. Rg3 $17 Qh5 {Chess con chili.} (32... Rd8 $17 {[%cal Od4d3] and ...d3! would now be decisive} 33. Nxb7 Bb4) 33. Ne4 $2 (33. Bxc6 $15 bxc6 34. Rxe5 {[%mdl 64] Remove Defender} Qxe5 35. Rxg4 Bxc5 36. Nxc5 Qxc5 37. b4) 33... Be7 $19 {A strong pair of Bishops.} (33... Nf3+ $2 34. Bxf3 Bh6 35. Qe2 (35. Bxg4 Bxd2 36. Nf6+ Kf8 $16) (35. Nf6+ Kh8 $18) 35... Bxf3 36. Nf6+ (36. Qxf3 Qxa5 37. Ra1 Rd8 $18) (36. Rxf3 Bg7 $18) 36... Kh8 37. Qxf3 $18) 34. Qf4 f5 ({Inferior is} 34... Nxa5 35. Nb6 Rd8 36. Nf6+ Bxf6 37. Qxf6 $14) 35. f3 (35. Rxg4 {nothing else works.} Qxg4 36. Qxg4 Nxg4 37. Nec5 Bxc5 38. Nxc5) 35... fxe4 36. fxg4 {[#]} Qh4 {[%cal Oa8f8]} 37. Bxe4 {Bd5+ would now be deadly.} Rf8 38. Bd5+ Kg7 39. Qxf8+ Bxf8 40. Kg2 Nxg4 41. Rh1 Ne3+ 42. Kf2 Ng4+ 43. Kg2 {A cool game by Yip.   Weighted Error Value: White=0.83/Black=0.22 (precise)} Qg5 0-1

[Event "5th Cairns Cup 2025"]
[Site "Saint Louis USA"]
[Date "2025.06.16"]
[Round "6.2"]
[White "Assaubayeva, Bibisara"]
[Black "Lee, Alice"]
[Result "1-0"]
[Annotator "Tactical Analysis 7.0"]
[WhiteElo "2509"]
[BlackElo "2389"]
[PlyCount "49"]
[GameId "2189735041380205"]
[EventDate "2025.06.10"]

1. e4 c5 2. Nf3 Nc6 3. Nc3 e5 4. Bc4 d6 5. d3 Be7 6. Nd2 Bg5 7. h4 Bh6 8. Qh5 {[%csl Gc4][%cal Rh5f7] [#] B30: Sicilian: 2...Nc6 3 Bb5, lines without ...g6.} g6 9. Qd1 Nd4 (9... Nf6 $14) 10. Nf1 (10. h5 $16) 10... Bxc1 $14 11. Qxc1 Nf6 12. Ne3 Rb8 $146 ({Predecessor:} 12... h5 13. Qd2 O-O 14. a4 Kg7 15. f3 Be6 16. Qf2 Qd7 17. O-O Rab8 18. Rae1 Qe7 {½-½ Pasierb,S (2372)-Karpenko,A (2310) EU-ch 2018 sf03 email ICCF email}) 13. a4 {[%cal Ba2a4,Ba4a5][%mdl 32]} a6 (13... O-O $14 {feels stronger.}) 14. a5 Nc6 15. Ned5 Nh5 16. Qg5 f6 (16... O-O $16) 17. Qh6 $18 {[%cal Og2g4] Black must now prevent g4!.} Nxa5 (17... Nd4 {was called for.}) 18. Rg1 Nxc4 19. g4 (19. dxc4 Kf7 $16) 19... Nf4 {[#]} (19... Nxb2 $2 {too greedy.} 20. gxh5 Nxd3+ 21. cxd3 $18) (19... Bxg4 20. Rxg4 Nb6) 20. Qg7 {White is clearly winning.} ({Weaker is} 20. dxc4 Ne6 $14) 20... Bd7 21. Qxh8+ Kf7 22. Qxh7+ Ke6 23. dxc4 b5 24. Nxf4+ exf4 {Superbly played by Assaubayeva!   Weighted Error Value: White=0.04 (flawless) /Black=1.01} 25. Nd5 1-0

[Event "5th Cairns Cup 2025"]
[Site "Saint Louis USA"]
[Date "2025.06.16"]
[Round "6.3"]
[White "Koneru, Humpy"]
[Black "Dronavalli, Harika"]
[Result "1-0"]
[Annotator "Tactical Analysis 7.0"]
[WhiteElo "2543"]
[BlackElo "2483"]
[PlyCount "151"]
[GameId "2189736786096289"]
[EventDate "2025.06.10"]

1. d4 d5 2. Nf3 Nf6 3. g3 c5 4. c4 cxd4 5. Bg2 Nc6 6. Nxd4 {D02: 1 d4 d5 2 Nf3 sidelines, including 2...Nf6 3 g3 and 2...Nf6 3 Bf4.} e5 (6... dxc4 7. Nxc6 (7. Bxc6+ bxc6 8. Qa4 e5 $15) 7... bxc6 8. Bxc6+ Bd7 9. Bxa8 Qxa8 10. f3 $16) 7. Nxc6 bxc6 8. Nc3 {White is slightly better.} Be6 {Recently 8...d4 got a lot of attention.} (8... dxc4 9. Bxc6+ Bd7 10. Bxa8 Qxa8 11. f3 $16) 9. Bg5 Bb4 10. O-O Bxc3 11. bxc3 {[%cal Bb2c3,Bc3c4,Bc4c5][%mdl 32]} O-O 12. Bxf6 Qxf6 13. cxd5 cxd5 (13... Bxd5 14. Bxd5 cxd5) 14. c4 $146 (14. Bxd5 Bxd5 15. Qxd5 Rac8 $16) ({Predecessor:} 14. Bxd5 Rad8 15. e4 Bh3 16. Re1 Rb8 17. Re3 Rb2 18. Qf3 Qb6 19. g4 Rb1+ 20. Re1 Rxa1 21. Rxa1 {1-0 Zakhartsov,V (2501)-Smekalov,A (2126) Khanty-Mansiysk Governor Cup Rapid 20th 2024 (9)}) 14... d4 (14... dxc4 15. Bxa8 Rxa8 16. Qd2 $14) 15. Bxa8 Rxa8 16. Qd3 Bf5 17. e4 Bh3 {[%cal Bf5h3,Bh3d7,Bd7c6][%mdl 32]} 18. Rfc1 h5 19. c5 Bd7 {[#]} 20. f4 $1 Bc6 21. Rf1 Rd8 22. Rad1 Qe7 ({Black should play} 22... h4) 23. fxe5 Qxe5 {[%cal Oe5e6]} 24. Rf5 Qe6 25. Qb3 (25. Rxh5 $6 Bxe4 26. Qe2 d3 $11) 25... Qe8 {and ...Ba4 would now be decisive} 26. Rdf1 {[%cal Rf5f7]} (26. Rxh5 Qxe4) 26... Rd7 27. e5 {[%cal Be4e5,Be5e6][%mdl 32]} (27. Rxh5 d3 $14) 27... d3 {[#]} 28. e6 $1 {[%mdl 64] Deflection} (28. Rxh5 d2 $11) 28... Qxe6 29. Qxe6 (29. Rxh5 $2 Qe3+ 30. Rf2 Rb7 $19) 29... fxe6 $18 {[%cal Bf7e6,Be6e5][%mdl 4128] Endgame KRR-KRB} 30. Rf8+ (30. Rxh5 $2 d2 31. Rd1 Bf3 $19) 30... Kh7 31. Rd1 e5 32. Rc8 Bb5 (32... Be4 $16 33. c6 Rd6) 33. c6 Rf7 {[#]} (33... Rd4 $142 34. c7 Rc4) 34. a4 $1 {[%mdl 512]} Bc4 (34... Ba6 35. Re8) 35. Re8 Rc7 36. Rxe5 Rxc6 37. Rxh5+ Kg6 38. Rh4 Ba6 39. Kf2 Rc2+ 40. Ke3 Re2+ {[#]} 41. Kd4 $1 Ra2 42. Kc3 Rc2+ 43. Kb4 Kf5 44. Rf4+ Ke6 45. h4 Kd5 46. Rf7 Rb2+ 47. Ka3 Rg2 (47... Rb6 {is a better defense.} 48. a5 (48. Rxa7 Bc4 $18) 48... Rb8 49. Rxa7 Bc4) 48. Rxa7 Bc4 49. Rxg7 Kc5 {[%csl Gc4][%cal Rg2a2]} 50. Rc7+ Kd4 51. Kb4 Rb2+ 52. Ka5 Rb8 53. h5 Ra8+ 54. Kb6 Rxa4 $2 (54... Ra6+ 55. Kb7 Rd6) 55. Rd7+ Kc3 56. g4 Rb4+ 57. Kc7 Kc2 58. Rh1 Be6 {[#]} 59. h6 $1 Rc4+ 60. Kd6 {h7 is the strong threat.} Bxd7 {KRB-KR} (60... Bg8 $142 61. g5 (61. h7 Bxh7 62. Rdxh7 Rxg4 $18) 61... d2) 61. h7 ({Weaker is} 61. Kxd7 Rxg4 62. h7 Rg7+ 63. Ke8 Rxh7 64. Rxh7 d2 $11) 61... d2 {[%cal Oc4c8]} 62. h8=Q {Qh7+ would kill now.} (62. h8=B $2 {is the wrong capture.} Bxg4 (62... d1=B 63. Kxd7 Bxg4+ 64. Kd6 $11) (62... d1=R+ 63. Rxd1 Kxd1 64. Kxd7 $11) 63. Ra1 Kd3 $19 (63... d1=R+ $2 64. Rxd1 Bxd1 65. Bf6 $19) (63... d1=N $2 64. Ra3 $19) (63... d1=B $2 64. Kd5 $19)) 62... Bxg4 63. Qh7+ Kc3 64. Qg7+ Kc2 65. Qg6+ Kc3 66. Qf6+ Kd3 67. Qf1+ Kc3 68. Qa1+ Kd3 69. Qa3+ Kc2 70. Kd5 {White mates.} Rf4 71. Qa2+ Kc3 72. Qa1+ Kd3 73. Qb1+ Ke3 74. Qb3+ Kf2 75. Rh2+ Ke1 {Weighted Error Value: White=0.09 (flawless) /Black=0.34} 76. Qe3+ 1-0

[Event "5th Cairns Cup 2025"]
[Site "Saint Louis USA"]
[Date "2025.06.16"]
[Round "6.4"]
[White "Kashlinskaya, Alina"]
[Black "Muzychuk, Mariya"]
[Result "1-0"]
[Annotator "Tactical Analysis 7.0"]
[WhiteElo "2459"]
[BlackElo "2492"]
[PlyCount "119"]
[GameId "2189744805462832"]
[EventDate "2025.06.10"]

1. Nf3 d5 2. g3 g6 3. Bg2 Bg7 4. O-O e5 5. d3 c5 (5... Nc6 $11 {keeps the balance.}) 6. c4 $1 $16 {A07: Réti Opening: New York and Capablanca Systems.} d4 {[#]} 7. b4 $1 cxb4 8. a3 {White is better.} b3 9. Qxb3 Nc6 10. a4 Nge7 11. Ba3 O-O 12. Nbd2 {[%cal Bb1d2,Bd2e4,Be4d6][%mdl 32]} h6 $146 ({Predecessor:} 12... Qc7 13. Rab1 Rd8 14. Rfc1 Rb8 15. Qc2 h6 16. Nb3 Kh7 17. a5 Nf5 18. Ra1 Nd6 {1-0 Ehlvest,J (2517)-Volodin,A (2457) Eesti Masters Tornelo INT rapid 2021 (2)}) 13. Ne4 b6 14. Nd6 {White has more active pieces. The black rooks are passive.} Be6 15. Rae1 (15. Rfb1 $16) 15... Qd7 16. e3 ({White should play} 16. Nd2 $16) 16... dxe3 $11 17. fxe3 {[%cal Od3d4]} Nc8 18. Nb5 Rd8 {[%cal Oa7a6] [#] Hoping for ...a6!.} 19. d4 $1 a6 20. Nxe5 $1 (20. d5 axb5 21. dxc6 (21. dxe6 Qxe6 22. axb5 Na5 $17) 21... Qa7 22. Qxb5 Rd3 $15) 20... Bxe5 21. dxe5 axb5 22. Rd1 $36 {[%mdl 2048] White has good play.} Qc7 23. Rxd8+ (23. axb5 $2 Rxa3 24. Rxd8+ Qxd8 $19) 23... Qxd8 24. Bxc6 {This pair of bishops is nice.} Bxc4 $2 {Black is weak on the dark squares} (24... bxc4 $11 25. Rd1 Qg5) 25. Rd1 $18 Qg5 (25... Rxa4 $2 26. Rxd8+ Kh7 27. Qc3 $18) (25... Qc7 $2 26. Qb4 Rxa4 (26... Qxc6 27. Qf8+ Kh7 28. Rd8) 27. Qf8+ Kh7 28. Rd8 $18) 26. Qc3 Rxa4 {[#]} 27. e6 $1 {[%cal Oe6e7][%mdl 512]} Rxa3 28. exf7+ (28. Qxa3 Bxe6 29. Qd3 Kh7 $14) 28... Kxf7 29. Qxa3 Ne7 {Prevents e4} 30. Bf3 (30. Bg2 $18) 30... Qc5 (30... b4 $16 {was necessary.} 31. Qc1 (31. Qxb4 Qxe3+ 32. Kg2 Be2 $17) 31... b5) 31. Qc1 (31. Qxc5 $18 {Intending Qc7 and mate.} bxc5 32. Rd6) 31... b4 $16 {[%cal Bb5b4,Bb4b3][%mdl 32]} 32. Kf2 b3 33. Qc3 {Strongly threatening Rc1.} b5 34. Rd2 Qf5 35. e4 {Really sharp!} Qc5+ (35... Qf6 $16 36. e5 Qb6+ 37. Qe3 Qxe3+ 38. Kxe3 Ke6) 36. Qe3 $18 Qxe3+ 37. Kxe3 {[%mdl 4096] Endgame KRB-KBN} Nc6 (37... Nc8 $142 38. e5 g5) 38. Bd1 Ke6 39. Rb2 Na5 40. Kd4 h5 41. Kc5 Nb7+ 42. Kb4 Nd6 43. Bxb3 Ke5 (43... Bxb3 $142 44. Rxb3 Nxe4 45. Kxb5 Ke5) 44. Bxc4 bxc4 {KR-KN} 45. Re2 g5 46. Kc3 h4 {[%cal Bh5h4,Bh4h3][%mdl 32] [#]} 47. g4 (47. gxh4 $1 $18 gxh4 48. Kb4) 47... h3 $1 $14 48. Kb4 (48. Ra2 $14 Kxe4 49. Rd2) 48... Nxe4 $2 {[%mdl 8192]} (48... Nf7 $16) 49. Kxc4 $18 Kf4 50. Kd4 Nd6 (50... Ng3 $142 51. Re1 (51. hxg3+ Kxg4 52. Re8 Kxg3 $11) 51... Kf3) 51. Kd5 Nb5 52. Re4+ (52. Rc2 $142 Na3 53. Ra2) 52... Kf3 53. Rc4 Kg2 54. Rc2+ Kf3 55. Rc5 Na7 56. Ke5 (56. Rc7 $142 Nb5 57. Rc5) 56... Kg2 57. Ke4 Kf2 58. Kf5 Kg1 59. Kxg5 Kxh2 {Weighted Error Value: White=0.31/Black=0.69} 60. Kf4 1-0

[Event "5th Cairns Cup 2025"]
[Site "Saint Louis USA"]
[Date "2025.06.16"]
[Round "6.5"]
[White "Dzagnidze, Nana"]
[Black "Batsiashvili, Nino"]
[Result "1-0"]
[Annotator "Tactical Analysis 7.0"]
[WhiteElo "2505"]
[BlackElo "2462"]
[PlyCount "103"]
[GameId "2189750888891521"]
[EventDate "2025.06.10"]

1. d4 d5 2. c4 e6 3. Nf3 Nf6 4. Nc3 Be7 5. cxd5 exd5 6. Bf4 c6 7. e3 Nh5 {D35: Queen's Gambit Declined: Exchange Variation.} 8. Be5 Nd7 9. Bd3 Nxe5 {Black has an edge.} 10. Nxe5 Nf6 11. Qc2 Bd6 12. f4 Ng4 $146 ({Predecessor:} 12... Bxe5 13. fxe5 Ng4 14. Nd1 {½-½ Krasenkow,M (2628)-Portisch,L (2539) Politiken Cup 32nd Copenhagen 2010 (10)}) 13. Nxg4 Bxg4 14. O-O {[%cal Oa1e1]} Qf6 15. Rae1 {[%cal Og1h1]} (15. Bxh7 $2 g6 16. Bxg6 fxg6 $19 (16... Qxg6 $2 17. Qxg6 fxg6 18. h3 $19)) 15... h5 16. e4 Qxd4+ 17. Kh1 Kf8 18. exd5 cxd5 (18... Bxf4 $2 19. Re4 Qc5 20. Rexf4 $18) (18... Rh6 $11) 19. Nb5 $1 $14 {[%csl LRd4,LRd6]} Qb6 20. Nxd6 (20. Qb3 Bc5 $11) 20... Qxd6 21. f5 $1 {Hoping for Qd2.} h4 $1 22. Qa4 Bh5 (22... d4 $2 23. Re4 Bh5 24. Rxd4 $18 (24. Qxd4 Qxd4 25. Rxd4 Rh6 $16)) 23. Qxh4 (23. Rf4 $14) 23... Rh6 $1 $11 24. Qf4 Rd8 (24... g5 $1 $11 {remains equal.} 25. fxg6 (25. Qxg5 Be2 $17) 25... Qxf4 26. Rxf4 Bxg6 27. Bxg6 Rxg6) 25. h3 $16 Qxf4 26. Rxf4 f6 27. Kg1 (27. Ra4 $142) 27... Be8 28. Kf2 {White is much more active.} Bc6 29. Rd4 Rh8 30. Re3 Kf7 31. Be2 Rd7 32. Bf3 g6 33. fxg6+ Kxg6 34. h4 f5 35. Bd1 Kf6 {[#]} (35... Rd6 $1 $14) 36. Bc2 ({White should try} 36. g4 $1 $16 {[%cal Rg4g5]}) 36... Rd6 $14 37. g3 Bd7 38. Bb3 Be6 39. Rc3 Rh7 40. Kf3 Ke5 41. Rf4 Rg7 42. Re3+ Kf6 43. Re1 Rc6 44. Rd4 Rd6 45. Red1 Ke5 46. Rf4 Rd8 47. Kf2 Rdg8 48. Re1+ Kd6 49. Re3 Rg4 50. Bd1 Rxf4+ 51. gxf4 d4 $2 {[%mdl 8192] [#]} ({Black should try} 51... Rh8 $14) {Weighted Error Value: White=0.08 (flawless) /Black=0.24 (precise)} 52. Rxe6+ $1 {[%mdl 576] Remove Defender} 1-0

[Event "5th Cairns Cup 2025"]
[Site "Saint Louis USA"]
[Date "2025.06.17"]
[Round "7.1"]
[White "Yip, Carissa"]
[Black "Koneru, Humpy"]
[Result "1-0"]
[Annotator "Tactical Analysis 7.0"]
[WhiteElo "2431"]
[BlackElo "2543"]
[PlyCount "61"]
[GameId "2190561614647597"]
[EventDate "2025.06.10"]

1. e4 e5 2. Nf3 Nc6 3. Bb5 a6 4. Ba4 Nf6 5. O-O Nxe4 6. Re1 Nc5 7. Bxc6 dxc6 8. Nxe5 Be7 9. d4 Ne6 10. Be3 O-O 11. c4 f6 {C80: Open Ruy Lopez: Sidelines and 9 Nbd2.} 12. Nf3 Re8 13. Nc3 {[%cal Bb1c3,Bc3e4,Be4g3][%mdl 32]} Nf8 {The position is equal.} 14. Qb3 Bg4 15. Qxb7 Bxf3 16. gxf3 Qd7 17. d5 Bd6 $1 18. Ne4 $146 (18. dxc6 $2 Qh3 19. f4 Ng6 $19) ({Predecessor:} 18. c5 Qh3 19. cxd6 Ng6 20. Bg5 fxg5 21. d7 Rf8 22. Qxa8 Rxa8 23. Re8+ Kf7 24. Ne4 Qxd7 25. Rxa8 {0-1 Novotny,J (2217)-Olsar,J (2317) CZE-ch Ostrava 2010 (6)}) 18... Be5 19. Qxc6 Qf5 20. Ng3 (20. d6 {is more complex.} Qxf3 21. Qd5+ Kh8 22. Ng3) 20... Qxf3 {[%cal Oh7h5]} 21. Bc5 Ng6 22. Re3 Qg4 23. d6 {[%cal Bd5d6,Bd6d7][%mdl 32]} Qxc4 {[#] White must now prevent ...cxd6.} 24. d7 (24. Qxc7 $2 Rec8 (24... Bxb2 $2 {loses.} 25. Rxe8+ Rxe8 26. d7 $18) 25. Re4 Qd5 $19 (25... Qxc5 $2 26. Qxc5 Rxc5 27. Rd1 $19)) 24... Red8 25. Rd1 $36 {[%mdl 2048] and b3 should not be overlooked. White is pushing. Some like it hot} Rab8 (25... Kf7 $14) 26. b3 $16 {White is more active.} Qg4 {[#]} (26... Qc2 $16 27. Qd5+ Kh8) 27. Rd4 $2 {Black cannot hold the game after this.} Ne7 $2 {[%mdl 8192]} (27... Bxd4 $15 28. Re8+ Nf8 29. Bxd4 (29. Bxf8 Bxf2+ 30. Kxf2 Rxd7 $17) 29... Rxe8 (29... Qxd4 30. Qe6+ Kh8 31. Qf7 $15) (29... Qxd7 30. Qxd7 Rxd7 31. Rxb8 $11) (29... Qd1+ 30. Kg2 $17) 30. dxe8=R Rxe8 31. Qxe8 Qd1+ (31... Qxd4 32. Qc6 $17) 32. Kg2 Qxd4) 28. Bxe7 $18 {[%mdl 64] Trapped Piece. White is clearly winning.} ({Weaker is} 28. Rxg4 Nxc6 29. f4 (29. Rd3 Bxg3 30. Rgxg3 Ne5 $11) 29... Bd4 30. Bxd4 Nxd4 $11) 28... Bxd4 29. Qc4+ Kh8 30. Bxd8 {[%cal Re3e8]} Qd1+ {Ingenious play by Yip!   Weighted Error Value: White=0.39/Black=0.50} 31. Qf1 1-0

[Event "5th Cairns Cup 2025"]
[Site "Saint Louis USA"]
[Date "2025.06.17"]
[Round "7.2"]
[White "Batsiashvili, Nino"]
[Black "Tan, Zhongyi"]
[Result "1/2-1/2"]
[Annotator "Tactical Analysis 7.0"]
[WhiteElo "2462"]
[BlackElo "2546"]
[PlyCount "65"]
[GameId "2190564167574062"]
[EventDate "2025.06.10"]

1. d4 d5 2. c4 e6 3. Nc3 Nf6 4. cxd5 exd5 5. Bg5 {[%cal Bc1g5,Bg5h4,Bh4g3][%mdl 32]} Bb4 6. e3 h6 {[%cal Bh7h6,Bh6h5,Bh5h4][%mdl 32]} 7. Bh4 g5 {D35: Queen's Gambit Declined: Exchange Variation.} 8. Bg3 h5 9. Bd3 h4 10. Be5 Nbd7 11. f4 $146 ({Predecessor:} 11. Qb3 Bxc3+ 12. Qxc3 Nxe5 13. dxe5 Ne4 14. Bxe4 dxe4 15. Rd1 Qe7 16. Rd4 Bf5 17. f4 exf3 18. Nxf3 {½-½ Lopez,J (2434)-Zwirs,N (2467) Tata Steel Qualifier 85th Wijk aan Zee 2023 (9)}) 11... Nxe5 (11... c6 $11 {keeps the balance.}) 12. fxe5 $16 Nd7 ({Better is} 12... Bxc3+ 13. bxc3 Ne4) 13. Qb3 Bxc3+ (13... Qe7 $16) 14. Qxc3 $18 Nb6 15. Ne2 (15. Nh3 $18) 15... Be6 $16 16. O-O Qe7 17. a4 {White has more active pieces.} a5 18. Bb5+ Kd8 $1 19. Qc2 ({White should try} 19. Nc1 $16) 19... c6 20. Bd3 Kc7 (20... h3 $11) 21. Nc3 Raf8 {[#]} (21... h3 $11 {might be stronger.}) 22. b4 axb4 $11 (22... Qxb4 $2 23. Nb5+ Kb8 24. Nd6 $18) 23. Nb5+ (23. a5 $11 Nc4 24. Bxc4 dxc4 25. Ne4) 23... Kb8 $15 24. Nd6 Nc8 (24... Nc4 $1 $15 25. Nxc4 dxc4 26. Bxc4 h3) 25. Qc5 $1 $14 {Strongly threatening Rfb1.} f6 {[#]} (25... Rd8 $1 $11 {and Black is okay.}) 26. Rfb1 (26. Rab1 $1 $18 {[%cal Rb1b4]} fxe5 27. Rxf8 Rxf8 (27... Qxf8 $2 28. Nxb7 Qxc5 29. Nxc5 $18) 28. Nxb7 {[%mdl 64] Decoy} Kxb7 29. Rxb4+ Kc7 30. Qa5+ Kd6 31. Qc5+ Kc7) 26... fxe5 {[#]} 27. Nxb7 {[%mdl 64] Decoy} Kxb7 (27... Qxb7 $2 {perishes.} 28. Rxb4 e4 29. Rxb7+ Kxb7 30. Rb1+ Kc7 31. Qa5+ (31. Ba6 Rf7 $18) 31... Kd7 32. Rb7+ Ke8 33. Qc7 $18) 28. Rxb4+ Kc7 29. Qa5+ {[%mdl 1024] White has compensation.} Kd6 30. Qc5+ Kc7 31. Qa5+ Kd6 32. Qc5+ (32. Rab1 $14 Bd7 (32... Qa7 $2 33. Ba6 $18) 33. Rb7) 32... Kc7 $11 {and ...Qxc5 should not be overlooked} {Black defended with fortune. An interesting game.   Weighted Error Value: White=0.23 (precise) /Black=0.23 (precise)} 33. Qa5+ 1/2-1/2

[Event "5th Cairns Cup 2025"]
[Site "Saint Louis USA"]
[Date "2025.06.17"]
[Round "7.3"]
[White "Lee, Alice"]
[Black "Kashlinskaya, Alina"]
[Result "1-0"]
[Annotator "Tactical Analysis 7.0"]
[WhiteElo "2389"]
[BlackElo "2459"]
[PlyCount "73"]
[GameId "2190567310127934"]
[EventDate "2025.06.10"]

1. d4 Nf6 2. c4 e6 3. Nf3 Bb4+ 4. Bd2 Qe7 5. g3 Bxd2+ 6. Qxd2 Nc6 {E11: Bogo-Indian.} 7. b3 Ne4 8. Qb2 f5 {White is slightly better.} 9. Bg2 O-O 10. Nc3 d6 11. d5 $146 (11. b4 $14) ({Predecessor:} 11. O-O Nxc3 12. Qxc3 e5 13. e3 f4 14. exf4 exf4 15. d5 Nd8 16. Rae1 Qf7 17. Re4 {1-0 Girya,O (2488)-Kosteniuk,A (2483) Wch Rapid (Women) Moscow 2019 (7)}) 11... Nxc3 12. Qxc3 Nd8 13. dxe6 Nxe6 14. O-O Bd7 15. Nd4 Nc5 16. Rad1 a5 17. Rfe1 (17. e3 $14) 17... f4 $11 18. e4 {[%cal Oe4e5]} Qe5 19. Qd2 Kh8 (19... Rae8 $11) 20. a3 {[%cal Ba2a3,Ba3b4][%mdl 32]} {This costs Black the game.} Rf6 $2 {[%mdl 8192] [#]} (20... Bg4 $11) 21. b4 (21. Nf3 $1 $18 {[%cal Rf3e5]} Qh5 22. e5) 21... axb4 (21... fxg3 $16 22. hxg3 axb4) 22. axb4 {Threatens to win with Nf3.} Ne6 $2 (22... fxg3 23. f4 (23. bxc5 $2 gxf2+ 24. Kh1 fxe1=N $19) (23. fxg3 Bg4 $14) (23. hxg3 Ne6 $14) 23... Qh5 (23... Rxf4 24. hxg3 Rff8 25. bxc5 $16) (23... gxh2+ 24. Kh1 $16) 24. hxg3 Ne6) 23. Nf3 $18 Qh5 24. e5 Rff8 25. exd6 cxd6 26. Qxd6 fxg3 27. hxg3 (27. Qxd7 Ng5 28. hxg3 Nxf3+ 29. Bxf3 Qxf3 $16) 27... Bc6 28. Re5 Qg4 (28... Qf7 {keeps fighting.}) 29. Nh2 {White is clearly winning.} (29. Qxe6 Qxe6 30. Rxe6 Bxf3 $18) 29... Qxc4 {[#] Hoping for ...Rad8.} 30. Qxe6 (30. Bxc6 Rfd8 $18) 30... Qc2 31. Rf1 ({Weaker is} 31. Bxc6 Qxd1+ 32. Re1 Qd4 $16) 31... h6 32. Bxc6 bxc6 33. Rc5 {[%cal Be5c5,Bc5c6,Bc6d6][%mdl 32]} Qb2 34. Rxc6 ({Resist} 34. Qxc6 Qxb4 35. Nf3 Qa4 36. Qxa4 Rxa4 $18) 34... Qxb4 35. Qe5 Qd2 36. Rd6 Rae8 {Weighted Error Value: White=0.12 (very precise) /Black=0.42} 37. Qxg7+ 1-0

[Event "5th Cairns Cup 2025"]
[Site "Saint Louis USA"]
[Date "2025.06.17"]
[Round "7.4"]
[White "Dronavalli, Harika"]
[Black "Assaubayeva, Bibisara"]
[Result "1/2-1/2"]
[Annotator "Tactical Analysis 7.0"]
[WhiteElo "2483"]
[BlackElo "2509"]
[PlyCount "82"]
[GameId "2190570782061659"]
[EventDate "2025.06.10"]

1. d4 Nf6 2. c4 g6 3. g3 Bg7 4. Bg2 c5 5. Nf3 cxd4 6. Nxd4 Nc6 7. Nc3 h5 {A38: Symmetrical English vs ...g6: 4 Bg2 Bg7 5 Nf3 Nf6.} 8. Bf4 h4 9. Rc1 Nh5 $146 {And now ...Nxf4 would win.} ({Predecessor:} 9... h3 10. Bf3 Nh5 11. Be3 Nf6 12. O-O Ne5 13. c5 O-O 14. Bh1 Neg4 15. Nc2 Re8 {½-½ Fric,L (2308)-Kerr,G (2314) FICGS W-ch st1 gM 01 email FICGS email 2020 (1)}) 10. Nxc6 (10. Be3 $14) 10... bxc6 (10... dxc6 $11 11. Qxd8+ Kxd8) 11. Be3 $14 Nf6 12. Bd4 Rb8 13. Qd2 Qa5 14. b3 Bb7 ({Black should try} 14... c5 $11 15. Be5 d6) 15. c5 Rd8 16. Ne4 {[%cal Bc3e4,Be4d2,Bd2c4][%mdl 32]} Qxd2+ 17. Nxd2 Kf8 18. Nc4 Ne8 {[%cal Bf6e8,Be8c7,Bc7b5][%mdl 32]} 19. Rd1 Nc7 20. Bxg7+ Kxg7 21. b4 Nb5 22. Rd2 Ba8 23. O-O d5 24. cxd6 {Hoping for d7.} exd6 (24... h3 $14 25. Bf3 (25. dxe7 Rxd2 26. Nxd2 hxg2 $17) 25... Nxd6) 25. Rc1 $1 $16 {White is more active.} hxg3 (25... h3 $16) 26. hxg3 $18 c5 {[#]} 27. Bxa8 $1 Rxa8 {[#]} 28. Nxd6 $2 ({Stronger than} 28. a4 Nd4 29. Rcd1 (29. Nxd6 $2 {loses.} Nb3 $19) 29... Rh5 $11) (28. bxc5 $1 $18 dxc5 29. Ne5) 28... Nxd6 $11 {The position is equal.} 29. Rxd6 cxb4 $18 {[%mdl 4096] Endgame KRR-KRR} 30. Rd7 a5 31. Rcc7 Rhf8 32. Rb7 Rad8 33. Rxd8 Rxd8 $11 {KR-KR} 34. Rb5 Rd2 35. Rxa5 Rxe2 36. Rb5 Rxa2 37. Rxb4 Ra6 38. Rc4 Ra2 39. Rb4 Ra6 40. Rc4 Ra2 41. Rb4 {Weighted Error Value: White=0.13 (very precise) /Black=0.15 (very precise)} Ra6 1/2-1/2